Minority groups in the Republic of Vietnam

Book is basic fact about the social, economic, and political institutions and practicles of minority groups in The Republic of Vietnam

保存先:
書誌詳細
フォーマット: 図書
言語:Undetermined
出版事項: Washington American University 1966
主題:
タグ: タグ追加
タグなし, このレコードへの初めてのタグを付けませんか!
Thư viện lưu trữ: Trung tâm Học liệu Trường Đại học Cần Thơ
LEADER 00751nam a2200193Ia 4500
001 CTU_221128
008 210402s9999 xx 000 0 und d
082 |a 305.8009597 
082 |b M666/Vol.1 
245 0 |a Minority groups in the Republic of Vietnam 
245 0 |c Joann L. Schrock ... [et al.] 
260 |a Washington 
260 |b American University 
260 |c 1966 
520 |a Book is basic fact about the social, economic, and political institutions and practicles of minority groups in The Republic of Vietnam 
650 |a Dân tộc thiểu số,Ethnology,Dân tộc học,Minorities 
650 |z Việt Nam,Vietnam,Việt Nam,Vietnam 
904 |i Nguyên 
980 |a Trung tâm Học liệu Trường Đại học Cần Thơ